London Underground Stations - Leslie Green - Statistics

General Stats
  • This quiz has been taken 22 times
    11 since last reset
  • The average score is 17 of 42
Answer Stats
Hint Station % Correct
Building demolished Baker Street
80%
Original building Elephant & Castle
80%
Originally "Tottenham Court Road" Goodge Street
80%
Original building Leicester Square
80%
Originally "Strand" / Station closed Aldwych
60%
Original building Camden Town
60%
Originally "Trafalgar Square" Charing Cross
60%
Original building Covent Garden
60%
Building demolished Euston
60%
Original building Kentish Town
60%
Building replaced King's Cross St. Pancras
60%
Original building Mornington Crescent
60%
Original building Oxford Circus
60%
Originally "Euston Road" Warren Street
60%
Originally "Gillespie Road" Arsenal
40%
Original building Belsize Park
40%
Original building Chalk Farm
40%
Original building Edgware Road
40%
Originally "Dover Street" / Building Replaced Green Park
40%
Facades replaced Holborn
40%
Building no longer used for access Hyde Park Corner
40%
Originally "Kennington Road" Lambeth North
40%
Originally "Great Central" Marylebone
40%
Building replaced Piccadilly Circus
40%
No surface building Regent's Park
40%
Original building Russell Square
40%
Original building South Kensington
40%
Originally "Oxford Street" / No surface building Tottenham Court Road
40%
Original building Waterloo
40%
Original building Caledonian Road
20%
Station closed Down Street
20%
No surface building Embankment
20%
Original building Gloucester Road
20%
Original building Golders Green
20%
Original building Hampstead
20%
Original building Highgate
20%
Original building Holloway Road
20%
Main entrance demolished Knightsbridge
20%
Station closed South Kentish Town
20%
Original building Tufnell Park
20%
Station closed Brompton Road
0%
Station closed York Road
0%
No matching quizzes found
Score Distribution
Percent of People with Each Score
Percentile by Number Answered
Your Score History
You have not taken this quiz since the last reset